[Event "AUTO-INT-3415"]
[Site "http://www.queenalice.com/game.php?id=1562504"]
[Date "2019.2.27"]
[Round "1"]
[White "filipewao"]
[Black "BrennoMoreira"]
[Result "1-0"]
[WhiteElo "1543"]
[BlackElo "1268"]

1. e4 d5 2. e5 f6 3. d4 e6 4. Nf3 f5 5. Bd3 Nc6 6. Nc3 Qe7 7. Bg5 Qb4 8. Rb1
Nxd4 9. a3 Qb6 10. b4 h6 11. Bh4 g5 12. O-O a5 13. b5 1-0

[Event "AUTO-INT-3415"]
[Site "http://www.queenalice.com/game.php?id=1562505"]
[Date "2019.2.27"]
[Round "1"]
[White "BrennoMoreira"]
[Black "filipewao"]
[Result "0-1"]
[WhiteElo "1263"]
[BlackElo "1548"]

1. d4 d5 2. Bf4 e6 3. Nc3 Bd6 4. Nh3 Bxf4 5. Nxf4 Nf6 6. Qd3 Nc6 7. Rd1 Bd7 8.
g4 Nxg4 9. Bh3 e5 10. f3 Qh4+ 11. Kd2 Nf2 12. Qb5 Bxh3 13. Qxb7 O-O 0-1

[Event "AUTO-INT-3415"]
[Site "http://www.queenalice.com/game.php?id=1562526"]
[Date "2019.2.27"]
[Round "1"]
[White "deathbydixxon"]
[Black "BrennoMoreira"]
[Result "0-1"]
[WhiteElo "1345"]
[BlackElo "1248"]

1. e4 e5 2. Nf3 Qf6 3. d4 Bd6 4. Bg5 Bb4+ 5. c3 Qc6 6. Bd3 Na6 7. cxb4 Nxb4 8.
O-O Ne7 9. Nxe5 Qd6 10. Bc4 Qb6 0-1

[Event "Let's Play Chess!"]
[Site "http://www.queenalice.com/game.php?id=1779908"]
[Date "2022.1.11"]
[Round "-"]
[White "Charles56"]
[Black "BrennoMoreira"]
[Result "1-0"]
[WhiteElo "1444"]
[BlackElo "1254"]

1. Nc3 e5 2. e4 Nc6 3. Bc4 Nf6 4. h3 d6 5. a3 g6 6. Nf3 Bh6 7. d3 g5 8. g4 Rg8
9. h4 Bxg4 10. hxg5 Bxf3 11. Qxf3 Bxg5 12. Bxg5 Rxg5 13. O-O-O 1-0

[Event "AUTO-OPEN-4339"]
[Site "http://www.queenalice.com/game.php?id=1779986"]
[Date "2022.1.11"]
[Round "1"]
[White "jsiebel"]
[Black "BrennoMoreira"]
[Result "1-0"]
[WhiteElo "1673"]
[BlackElo "1369"]

1. e4 e5 2. Nf3 Nc6 3. Nc3 d6 4. Bb5 Qd7 5. Nd5 a6 6. Bxc6 Qxc6 7. O-O h5 8. d4
f5 9. dxe5 fxe4 10. Ng5 Ne7 11. Nxe7 Bxe7 12. exd6 Bg4 13. f3 Qc5+ 14. Rf2 exf3
15. dxe7 Kxe7 16. gxf3 Rad8 17. Qe2+ 1-0

[Event "AUTO-OPEN-4339"]
[Site "http://www.queenalice.com/game.php?id=1779987"]
[Date "2022.1.11"]
[Round "1"]
[White "BrennoMoreira"]
[Black "jsiebel"]
[Result "0-1"]
[WhiteElo "1373"]
[BlackElo "1669"]

1. e4 e5 2. d4 Nc6 3. Nf3 exd4 4. Bg5 f6 5. Bh4 Be7 6. Bc4 g5 7. Bg3 Bb4+ 8. c3
dxc3 9. Qd5 cxb2+ 10. Kf1 Qe7 11. h4 g4 12. Qh5+ Kd8 13. a3 bxa1=Q 14. Bd3 gxf3
15. Qxf3 Nd4 16. Qd1 Bxa3 17. f3 h5 0-1

[Event "AUTO-OPEN-4339"]
[Site "http://www.queenalice.com/game.php?id=1780008"]
[Date "2022.1.11"]
[Round "1"]
[White "andrevillares"]
[Black "BrennoMoreira"]
[Result "1-0"]
[WhiteElo "2130"]
[BlackElo "1377"]

1. d4 d5 2. c4 Nf6 3. cxd5 Qxd5 4. Nc3 Qc4 5. e4 Qc6 6. Bb5 Bg4 7. Bxc6+ Nxc6 8.
Qd3 O-O-O 9. Be3 e5 10. d5 Nb4 11. Qd2 c5 12. a3 a5 13. axb4 axb4 14. Nb5 Nxe4
15. Qc2 Rxd5 16. f3 Bh5 17. fxe4 1-0

[Event "AUTO-OPEN-4339"]
[Site "http://www.queenalice.com/game.php?id=1780009"]
[Date "2022.1.11"]
[Round "1"]
[White "BrennoMoreira"]
[Black "andrevillares"]
[Result "0-1"]
[WhiteElo "1375"]
[BlackElo "2131"]

1. e4 Nf6 2. Nc3 d5 3. d4 dxe4 4. Bf4 e6 5. Bb5+ c6 6. Ba4 Be7 7. Bg5 O-O 8. h4
c5 9. Nge2 Qa5 10. dxc5 Nbd7 11. O-O Nxc5 12. b3 a6 13. Rb1 b5 14. b4 Qc7 15.
Qd4 Nxa4 16. Nxe4 Qxc2 17. Rbc1 Qxe2 0-1

[Event "AUTO-OPEN-4339"]
[Site "http://www.queenalice.com/game.php?id=1780022"]
[Date "2022.1.11"]
[Round "1"]
[White "BrennoMoreira"]
[Black "Canaye"]
[Result "0-1"]
[WhiteElo "1365"]
[BlackElo "1785"]

1. e4 e6 2. Nf3 d5 3. d3 c5 4. Nbd2 d4 5. g3 Nc6 6. c3 dxc3 7. bxc3 Qa5 8. Qc2
Nf6 9. Bh3 Be7 10. Qb3 b5 11. O-O a6 12. Ba3 b4 13. e5 Qxa3 14. Rab1 Qxb3 15.
axb3 bxc3 16. Nc4 O-O 17. Rbc1 Ne4 18. dxe4 Nd4 19. Nxd4 cxd4 20. Rfd1 Rd8 21.
Re1 Bb4 22. Nd6 Bxd6 23. Bg4 Rb8 0-1

[Event "AUTO-OPEN-4339"]
[Site "http://www.queenalice.com/game.php?id=1780023"]
[Date "2022.1.11"]
[Round "1"]
[White "Canaye"]
[Black "BrennoMoreira"]
[Result "0-1"]
[WhiteElo "2012"]
[BlackElo "1264"]

1. d4 d5 2. c4 e5 3. cxd5 Qxd5 4. Nc3 Qa5 5. e3 a6 6. Bd2 Nc6 7. Ne4 Qd5 8. Nc3
Qd6 9. d5 Bg4 10. f3 Bh5 11. dxc6 O-O-O 12. cxb7+ Kxb7 13. Qb3+ Kc8 14. Rc1
Qxd2# 0-1

[Event "AUTO-INT-3734"]
[Site "http://www.queenalice.com/game.php?id=1780336"]
[Date "2022.1.13"]
[Round "1"]
[White "luiz_gustavo"]
[Black "BrennoMoreira"]
[Result "1-0"]
[WhiteElo "1880"]
[BlackElo "1359"]

1. e4 e5 2. Nf3 Nc6 3. Bb5 a6 4. Ba4 Qe7 5. Nc3 b5 6. Bb3 Nf6 7. O-O h5 8. d3 d6
9. Bg5 Rh6 10. Bxh6 gxh6 11. h3 Nd4 12. Nxd4 exd4 13. Ne2 a5 14. a3 a4 15. Ba2
c6 16. Nf4 1-0

[Event "AUTO-INT-3734"]
[Site "http://www.queenalice.com/game.php?id=1780337"]
[Date "2022.1.13"]
[Round "1"]
[White "BrennoMoreira"]
[Black "luiz_gustavo"]
[Result "0-1"]
[WhiteElo "1357"]
[BlackElo "1882"]

1. e4 e5 2. Bc4 Nf6 3. d4 h6 4. Nf3 d6 5. dxe5 Nxe4 6. Qe2 d5 7. Nc3 Nxc3 8.
bxc3 dxc4 9. Qxc4 Be6 10. Qe4 Bd5 11. Qe3 Nc6 12. Rb1 b6 13. Rb5 Bxa2 14. O-O
Bc4 15. e6 fxe6 0-1

[Event "AUTO-INT-3734"]
[Site "http://www.queenalice.com/game.php?id=1780350"]
[Date "2022.1.13"]
[Round "1"]
[White "Givanildo"]
[Black "BrennoMoreira"]
[Result "0-1"]
[WhiteElo "1316"]
[BlackElo "1339"]

1. d4 d5 2. Bf4 Nc6 3. e3 Nf6 4. h3 g5 5. Bxg5 Rg8 6. Bf4 Bf5 7. Bb5 Be4 8. Ne2
Qd7 9. Nbc3 a6 10. Ba4 b5 11. Bb3 Rxg2 12. Rg1 Nb4 13. Nxe4 Qxh3 0-1

[Event "AUTO-INT-3734"]
[Site "http://www.queenalice.com/game.php?id=1780351"]
[Date "2022.1.13"]
[Round "1"]
[White "BrennoMoreira"]
[Black "Givanildo"]
[Result "1-0"]
[WhiteElo "1322"]
[BlackElo "1343"]

1. e4 d5 2. Nc3 d4 3. Nb5 e5 4. Bc4 Nf6 5. Nf3 Bg4 6. h3 Bh5 7. g4 Bg6 8. Nxe5
Nxe4 9. d3 Bb4+ 10. c3 Nxf2 11. Qf3 Nxh1 12. Bxf7+ Bxf7 13. Qxf7# 1-0

[Event "AUTO-INT-3734"]
[Site "http://www.queenalice.com/game.php?id=1780361"]
[Date "2022.1.13"]
[Round "1"]
[White "jsiebel"]
[Black "BrennoMoreira"]
[Result "0-1"]
[WhiteElo "1638"]
[BlackElo "1354"]

1. e4 e5 2. Nf3 Bd6 3. Nc3 Nc6 4. d4 Nf6 5. dxe5 Nxe5 6. Nxe5 Bxe5 7. Bc4 O-O 8.
O-O h5 9. h4 g6 10. f4 Bd6 11. e5 Bc5+ 12. Kh1 Ng4 13. Ne4 Qxh4# 0-1

[Event "AUTO-BEG-679"]
[Site "http://www.queenalice.com/game.php?id=1781439"]
[Date "2022.1.27"]
[Round "1"]
[White "raulzampronha"]
[Black "BrennoMoreira"]
[Result "1-0"]
[WhiteElo "2297"]
[BlackElo "1381"]

1. d4 d5 2. c4 e5 3. dxe5 Nc6 4. cxd5 Qd7 5. dxc6 Bb4+ 6. Bd2 Qxc6 7. Bxb4 Bg4
8. Nd2 O-O-O 9. Rc1 Qe6 10. Bd6 Kb8 11. Bxc7+ Ka8 12. Bxd8 Qxe5 13. Qc2 Qb8 14.
Bc7 1-0

[Event "AUTO-BEG-679"]
[Site "http://www.queenalice.com/game.php?id=1781440"]
[Date "2022.1.27"]
[Round "1"]
[White "BrennoMoreira"]
[Black "raulzampronha"]
[Result "0-1"]
[WhiteElo "1379"]
[BlackElo "2298"]

1. e4 c5 2. d4 cxd4 3. Qxd4 Nc6 4. Qc4 e6 5. Nc3 Nf6 6. Nf3 d5 7. Qa4 Bb4 8. Bg5
dxe4 9. Nd2 Qd4 10. Bc4 Ng4 11. O-O-O O-O 12. Ndxe4 Qxc4 0-1

[Event "AUTO-BEG-679"]
[Site "http://www.queenalice.com/game.php?id=1781455"]
[Date "2022.1.27"]
[Round "1"]
[White "tikar15"]
[Black "BrennoMoreira"]
[Result "1-0"]
[WhiteElo "1810"]
[BlackElo "1363"]

1. d4 d5 2. h3 e6 3. Nf3 Nc6 4. a3 Nf6 5. c4 a6 6. Nc3 dxc4 7. e4 b5 8. a4 Bb4
9. Bd2 Nxd4 10. axb5 Qd6 11. Bxc4 a5 12. e5 Qe7 13. exf6 1-0

[Event "AUTO-BEG-679"]
[Site "http://www.queenalice.com/game.php?id=1781456"]
[Date "2022.1.27"]
[Round "1"]
[White "BrennoMoreira"]
[Black "tikar15"]
[Result "0-1"]
[WhiteElo "1361"]
[BlackElo "1812"]

1. e4 e5 2. Nf3 a6 3. Bc4 Nc6 4. Nc3 Nf6 5. h3 h6 6. g4 Na5 7. d4 Nxc4 8. Nxe5
d6 9. g5 Nxe4 10. Nxe4 dxe5 11. d5 Bf5 12. Qe2 Qxd5 0-1